Suami dan isteri

Bibliographic Details
Corporate Author: Title
Other Authors: Prof. Dr. Hamid Arshat
Format: Book
Published: Kuala Lumpur : S.Abdul Majeed , 1999
Subjects:

MARC

LEADER 00000cam a2200000 7i4500
001 0000013079
005 20080304.0
008 080108
020 |a 9839629247 
090 0 0 |a 297.577   |b SUA 
245 1 0 |a Suami dan isteri   |c Editor Prof. Dr. Hamid Arshat 
260 |a Kuala Lumpur :   |b S.Abdul Majeed ,   |c 1999 
650 0 |a Marriage   |x Relegious aspects   |x Islam 
700 0 |a Prof. Dr. Hamid Arshat 
710 0 |a Title 
999 |a 0001009718   |b Book   |c Adult Collection   |e Perbadanan Perpustakaan Awam Johor 
999 |a 0001009719   |b Book   |c Adult Collection   |e Perbadanan Perpustakaan Awam Johor